00454nam a2200181Ia 4500003000400000005001700004008004100021020001800062040000700080041000800087082002200095100003600117245004300153250000600196260003900202300001800241365001300259OSt20230424154542.0210423s2012 xx 000 0 und d a9788132110002 cAL aeng a300.72 223bSOMB aSOMEKH (Bridget);LEWIN (Cathy). aTheory and methods in social research. a2 aNew DelhibSage Publicationsc2012 axxiii,344bPB b550cINR